Geo-Home-Trío & geometría : matemática y filosofía /

Introducción a Platón, Aristóteles y Kant, y a sus ideas sobre el conocer, sobre el espacio y sobre la relación entre matemáticas y filosofía.

Gorde:
Xehetasun bibliografikoak
Egile nagusia: Palacios, Alfredo Raúl (autor)
Beste egile batzuk: Palacios, Alberto Gustavo (autor) (autor)
Formatua: Liburua
Hizkuntza:gaztelania
Argitaratua: Buenos Aires, Argentina : Lumen, 1999, c1999
Saila:(Strómata)
Gaiak:
Etiketak: Etiketa erantsi
Etiketarik gabe, Izan zaitez lehena erregistro honi etiketa jartzen!

MARC

LEADER 00000nam^a2200000^a^4500
001 000105870
005 20250521000000.0
009 20260310093516.529
020 |a 950-724-904-4 
037 |a Acervo ITESO - Biblioteca 
041 |a ESP 
082 |a 510. 1  |b PAL 
100 |a Palacios, Alfredo Raúl  |e (autor) 
245 1 0 |a Geo-Home-Trío & geometría :  |b matemática y filosofía /  |c A.R. Palacios, A.G. Palacios. 
264 4 |a Buenos Aires, Argentina :  |b Lumen,  |c 1999, c1999 
300 |a 143 p. 
336 |a texto  |b txt  |2 rdacontenido 
337 |a sin mediación  |b n  |2 rdamedio 
338 |a volumen  |b nc  |2 rdasoporte 
440 1 |a (Strómata) 
520 |a Introducción a Platón, Aristóteles y Kant, y a sus ideas sobre el conocer, sobre el espacio y sobre la relación entre matemáticas y filosofía. 
649 |a XX 
650 |a Matemáticas -  |x Filosofía 
650 |a Lógica Matemática 
650 |a Espacio (Concepto) 
650 |a Epistemología 
650 |a Filosofía 
650 |a Educación 
700 |a Palacios, Alberto Gustavo  |e (autor) 
910 |a Fondo General 
920 |a Impresos - Libros 
930 |a Colección General 
905 |a 101 
901 |a 0500041513  |b IT1  |c ACC  |u 20250521 
902 |a https://opac.biblio.iteso.mx/vufind/Record/000105870